| 000 | 00574nam a2200193 a 4500 | ||
|---|---|---|---|
| 020 | _a0070390614 | ||
| 040 | _cDLC | ||
| 082 | 0 | 0 | _a658 MCG 1997 A037 Or. |
| 100 | 1 | _aLucas, Henry C. | |
| 245 | 1 | 0 | _aInformation technology for management / |
| 250 | _a6th ed. | ||
| 260 |
_aNew York : _bMcGraw-Hill, _cc1997. |
||
| 300 |
_axix, 714 p. : _bill. ; _c24 cm. |
||
| 500 | _aRev. ed. of: Information systems concepts for management. 5th ed. c1994. | ||
| 650 | 0 | _aManagement information systems. | |
| 650 | 0 | _aInformation technology | |
| 700 | 1 | _aLucas, Henry C. | |
| 942 | _cEK | ||
| 999 |
_c11510 _d11510 |
||